000
00241nam a2200097Ia 4500
001
709313
005
20250826162544.0
008
250824s9999 xx 000 0 und d
245
0
_a
ANNEM NEDEN ÇILDIRDI
_c
AYTÜL AKAL
260
_b
TUDEM YAYINLARI
999
_c
709313
_d
709313